Sigils & Words of Major Westerosi Families in The Game of Thrones - Statistics

General Stats
  • This quiz has been taken 182 times
  • The average score is 11 of 23
Answer Stats
Answer % Correct
Animal that represents the Starks of Winterfell Direwolf
100%
Animal that represents House Lannister Lion
97%
Animal that represents House Baratheon Stag
94%
Animal that represents House Tully Trout
76%
Animal that represents House Mormont Bear
75%
Sigil of House Tyrell Rose
56%
Words of House Stark Winter is Coming
53%
Words of House Targaryen Fire and blood
48%
Words of House Tyrell Growing Strong
47%
Words of House Lannister Hear me roar
47%
Sigil Of House Bolten Flayed man
44%
Words of House Tully Family, Duty, Honor
42%
Words of House Martell Unbowed, Unbent, Unbroken
42%
Words of House Greyjoy We do not Sow
42%
Animal that represents House Tagaryen 3 headed dragon
41%
Words of House Baratheon Ours is the fury
41%
Sigil of House Martel Sun and spear
40%
Words of House Arryn As High as Honor
30%
Sigil of House Arryn Falcon and moon
29%
Animal that represents House Greyjoy Kracken
29%
Words of R'hllor, the Red God For the night is dark and full of terror
2%
Sigil of Stannis Baratheon Flaming heart with stag
0%
Sigil of House Frey The Twins or two towers with bridge
0%
No matching quizzes found
Score Distribution
Percent of People with Each Score
Percentile by Number Answered
Your Score History
You have not taken this quiz